| 000 -CABECERA |
| campo de control de longitud fija |
01148nam a22002417a 4500 |
| 003 - IDENTIFICADOR DEL NÚMERO DE CONTROL |
| campo de control |
OSt |
| 005 - FECHA Y HORA DE LA ÚLTIMA TRANSACCIÓN |
| campo de control |
20230810095158.0 |
| 008 - DATOS DE LONGITUD FIJA--INFORMACIÓN GENERAL |
| campo de control de longitud fija |
230809b ||||| |||| 00| 0 eng d |
| 040 ## - FUENTE DE LA CATALOGACIÓN |
| Centro catalogador/agencia de origen |
Municipalidad Provincial del Cusco |
| Lengua de catalogación |
spa |
| Centro/agencia transcriptor |
Biblioteca Municipal del Cusco |
| 082 ## - NÚMERO DE LA CLASIFICACIÓN DECIMAL DEWEY |
| Número de clasificación |
985.632 / |
| Notación interna |
H77 |
| 100 ## - ENTRADA PRINCIPAL--NOMBRE DE PERSONA |
| 9 (RLIN) |
1118 |
| Nombre de persona |
Hostnig, Rainer |
| 245 ## - MENCIÓN DE TÍTULO |
| Título |
El Santuario Nacional Ampay / |
| Resto del título |
Refugio de la Intimpa en Apurímac-Perú. / |
| Mención de responsabilidad, etc. |
Rainer Hostnig ;Ciro Palomino Dongo |
| 250 ## - MENCIÓN DE EDICIÓN |
| Mención de edición |
Abancay: |
| Resto de la mención de edición |
Rainer Hostnig |
| 260 ## - PUBLICACIÓN, DISTRIBUCIÓN, ETC. |
| Lugar de publicación, distribución, etc. |
Abancay: |
| Nombre del editor, distribuidor, etc. |
Foto litografía publicaciones, |
| Fecha de publicación, distribución, etc. |
1997 |
| 300 ## - DESCRIPCIÓN FÍSICA |
| Extensión |
153 páginas ; |
| Otras características físicas |
il. col. ; diagrs. ; mapas ; plano ; |
| Dimensiones |
21.5 cm. |
| 505 ## - NOTA DE CONTENIDO CON FORMATO |
| Nota de contenido con formato |
Introducción -- Gestión y establecimiento del santuario nacional Ampay -- El medio natural -- La presencia del hombre -- Ecoturismo y aventura -- Apu-rimak = El Dios que habla -- Imágenes de Apurimac -- Anexo bibliográfico -- Datos biográficos de autores y colaboradores.<br/> |
| 650 #0 - PUNTO DE ACCESO ADICIONAL DE MATERIA--TÉRMINO DE MATERIA |
| 9 (RLIN) |
7271 |
| Término de materia o nombre geográfico como elemento de entrada |
Apurímac (Perú : Departamento) |
| 650 #0 - PUNTO DE ACCESO ADICIONAL DE MATERIA--TÉRMINO DE MATERIA |
| 9 (RLIN) |
25408 |
| Término de materia o nombre geográfico como elemento de entrada |
Ecoturismo |
| 650 #0 - PUNTO DE ACCESO ADICIONAL DE MATERIA--TÉRMINO DE MATERIA |
| 9 (RLIN) |
12199 |
| Término de materia o nombre geográfico como elemento de entrada |
Arte rupestre. |
| 700 ## - PUNTO DE ACCESO ADICIONAL--NOMBRE DE PERSONA |
| 9 (RLIN) |
7276 |
| Nombre de persona |
Palomino Dongo, Ciro |
| 942 ## - ELEMENTOS DE PUNTO DE ACCESO ADICIONAL (KOHA) |
| Fuente del sistema de clasificación o colocación |
|
| Tipo de ítem Koha |
Libros-BMC |
| 945 ## - PROCESAMIENTO DE INFORMACIÓN LOCAL (OCLC) |
| Catalogador |
vcp |
| AAAA-MM-DD Fecha de ingreso o modificación |
2023-08-09 |